Varia Fortuna del soldado Pintaro

保存先:
書誌詳細
第一著者: Céspedes y Meneses, Gonzalo de
フォーマット: 図書
言語:Undetermined
出版事項: Madrid, España Espasa-Calpe 1975
主題:
タグ: タグ追加
タグなし, このレコードへの初めてのタグを付けませんか!

MARC

LEADER 00000nam a2200000Ia 4500
008 170316s9999 xx 000 0 und d
040 |a cru BVZT 
090 |a 862 C-38v v.1 
100 |a Céspedes y Meneses, Gonzalo de 
245 |a Varia Fortuna del soldado Pintaro  |c Arsenio Pacheco, edición, prólogo y notas 
260 |a Madrid, España 
260 |b Espasa-Calpe 
260 |c 1975 
300 |a 222 páginas Tomo I 
650 |a LITERATURA ESPAÑOLA 
650 |a NOVELA 
999 |c 9718  |d 9718 
942 |c 15 D  |h 862 C-38v v.1  |2 z